| 000 | 00423nam a2200181Ia 4500 | ||
|---|---|---|---|
| 001 | 5155 | ||
| 005 | 20260306145847.0 | ||
| 008 | 260306t2006||||xx |||||||||||||| ||spa|| | ||
| 041 | _aESP | ||
| 082 |
_a336.014 _bV85 |
||
| 100 |
_aUrrunaga, Roberto _eAUT |
||
| 245 | 0 | _aFundamentos de economía texto impreso | |
| 260 | _c2006 | ||
| 300 |
_apágs. : _ccm. |
||
| 650 | _aGEN | ||
| 654 | _aCAN | ||
| 942 |
_cLIB _dJUS _fJUS _2ddc _n |
||
| 999 |
_c5155 _d5155 |
||